000 00502nam a2200181Ia 4500
003 GCL
008 140319s9999 xx 000 0 eng d
040 _aGCL /
_cGCL
082 0 4 _a956
_bW P
100 1 _aWASHINGTON, D.C.
245 1 0 _aTHE PALESTINIAN ISRAEL PEACE AGREEMENT :
_bA DOCUMENTARY RECORD /
_cWASHINGTON, D.C.
260 _a[S.N] :
_bTHE INSTITUTE FOR POCLESTINE ،
_c1994
300 _a306 P
650 0 4 _aPALESTINAN ARABS
650 0 4 _aHISTORY
650 0 4 _aISRAEL
942 _2ddc
_cBK
999 _c25191
_d25191